00604 a2200181 4500003000400000005001700004008004100021040000900062082001500071100003700086245004300123250001200166260004200178300001000220942003600230952013900266999001700405OSt20240118122233.0240118b |||||||| |||| 00| 0 eng d coclc a320bRAV/K aRavaneshwaram, Raveendran 91780 aKavippashu /cRaveendran Ravaneshwaram a1st ed. aKozhikode:bPratheeksha Books,c2011. a168p. 2ddccBKh320iRAV/Kk320mRAV/K 00102ddc40708POLITICAL SCIENCEaMESbMEScISLd2024-01-18l0o320 RAV/Kp44907r2024-01-18 12:23:24v95.00w2024-01-18yBKzGL47R1 c43249d43249